000
00258nam a2200097Ia 4500
008
120527s9999 xx 000 0 und d
100
_a
IJIOMAH,M.I
245
_a
An introduction to farm management and accounting.
260
_b
Smartlink Publisher
942
_c
BK
999
_c
24127
_d
24127